000 00277nam a22001217a 4500
008 170830b xxu||||| |||| 00| 0 eng d
041 _aeng
080 _a070
100 _a39
101 _aMED
245 _aTHE PUBLIC SPEAKER'S TREASURE CHEST
_cPROCHNOW,H.V
942 _2udc
_cBK
999 _c25531
_d25531